000 00527cam a22001814a 4500
001 11954408
005 20241106142724.0
008 000325s1999 caua 001 0 eng
020 _a9780078825750
050 0 0 _aQA76.9.D3
_bH47654 1999
082 0 0 _a005.75/65
_221
100 1 _aHentzen, Whil.
245 1 0 _aAccess 2000 programming from the ground up /
_cWhil Hentzen.
260 _aBerkeley :
_bOsborne/McGraw-Hill,
_cc1999.
300 _axxi, 490 p. :
_bill. ;
_c24 cm.
650 0 _aDatabase management.
942 _2lcc
_cBK
_n0
999 _c713
_d713